000 00287nam a22001337a 4500
003 SGT
082 _a617.7
_bC08K
100 _aKALEVAR, V.
245 _aCLINICAL OPHTHALMOLOGY
260 _aINDIA
_bANE BOOKS
_c2008
300 _a536
650 _aOPHTHALMOLOGY
942 _2ddc
_cBK
_03
999 _c14645
_d14645